000 008140000a22002050004500
003 LK-CoMWRAF
005 20231013140712.0
008 230817t1958 ||||| |||| 00| 0 eng d
040 _aLK-CoMWRAF
_dLK-CoMWRAF
_eLK-CoMWRAF
041 _aeng
082 _a348.97
_bMAH
100 _aMahmud, I.
245 _aMuslim law of succession and administration:
_b a comparative study of the principles of Muslim law (Shari`ah) relating to succession and administration of the estate of a deceased Muslim person and its application in Pakistan and India
260 _aKarachi:
_bPakistan Law House,
_c1958
300 _av, 237 p. 24 cm
_bIndex included
500 _aiIndex
650 _aInheritance and succession (Islamic law) -- India
650 _aInheritance and succession (Islamic law) -- Pakistan
942 _cBK
999 _c2336
_d2336